Tuyển tập văn học dân gian Việt Nam
Salvato in:
| Enti autori: | , |
|---|---|
| Natura: | Libro |
| Lingua: | Undetermined |
| Pubblicazione: |
Hà Nội
Giáo Dục
1999
|
| Soggetti: | |
| Tags: |
Aggiungi Tag
Nessun Tag, puoi essere il primo ad aggiungerne! !
|
| Thư viện lưu trữ: | Trung tâm Học liệu Trường Đại học Cần Thơ |
|---|
| LEADER | 00701nam a2200205Ia 4500 | ||
|---|---|---|---|
| 001 | CTU_37045 | ||
| 008 | 210402s9999 xx 000 0 und d | ||
| 020 | |c 90000 | ||
| 082 | |a 398.209597 | ||
| 082 | |b T527/T.4-Q.1 | ||
| 110 | |a Trung tâm Khoa học Xã hội và Nhân văn Quốc gia | ||
| 110 | |b Viện Văn Học | ||
| 245 | 0 | |a Tuyển tập văn học dân gian Việt Nam | |
| 245 | 0 | |c Trung tâm Khoa học Xã hội và Nhân văn Quốc gia. Viện Văn Học | |
| 260 | |a Hà Nội | ||
| 260 | |b Giáo Dục | ||
| 260 | |c 1999 | ||
| 650 | |a Folk literature, Vietnamese | ||
| 904 | |i Minh | ||
| 980 | |a Trung tâm Học liệu Trường Đại học Cần Thơ | ||